|
|
|
|
| LEADER |
00747cam a2200217 7i4500 |
| 001 |
0000003045 |
| 005 |
20190514090000.0 |
| 020 |
|
|
|a 9780130293893
|
| 020 |
|
|
|a 013029389X (pbk.)
|
| 090 |
0 |
0 |
|a HF5548.2
|b .H33 2001
|
| 100 |
1 |
|
|a Habraken, Joe
|
| 245 |
1 |
0 |
|a StarOffice 5.2 Calc handbook
|c Joe Habraken.
|
| 260 |
|
|
|a Palo Alto, CA:
|b Sun Microsystems Press,
|c 2001.
|
| 300 |
|
|
|a xix, 346 p.:
|b ill.;
|c 24 cm.
|
| 490 |
0 |
|
|a Sun Microsystems Press StarOffice series
|
| 500 |
|
|
|a Includes index
|
| 650 |
0 |
0 |
|a Electronic spreadsheets
|
| 650 |
0 |
0 |
|a Business --
|x Computer programs
|
| 997 |
|
|
|a Business & Accountancy, Faculty
|
| 999 |
|
|
|a 0000006353
|b BOK
|c REFERENCE
|e Ground Floor, Bestari Jaya
|
| 999 |
|
|
|a 0000008651
|b BOK
|c REFERENCE
|e 2nd Floor, Shah Alam
|